[Event "Guimaraes Open 2019"]
[Site "Guimaraes"]
[Date "2019.08.28"]
[Round "1.1"]
[White "Grigoryan, Karen H."]
[Black "Garcia Sobrino, David"]
[Result "1-0"]
[WhiteElo "2562"]
[BlackElo "2195"]
[Annotator "TA"]
[PlyCount "111"]
[EventDate "2019.08.28"]
[EventType "swiss"]
[EventCountry "POR"]
[SourceTitle "playchess.com"]
[Source "ChessBase"]
[SourceQuality "1"]

{[%evp 9,129,27,30,11,16,8,22,0,-5,-2,4,-2,0,-86,-8,-125,-119,-133,-117,-127,-123,-125,-119,-129,-125,-133,-125,-125,-97,-99,-90,-98,-101,-100,-99,-139,-66,-75,-32,-25,-32,-29,-28,-35,-35,-35,-41,-35,0,0,25,23,26,0,32,27,25,0,96,91,89,89,78,86,123,135,127,116,124,65,67,62,111,104,139,135,157,139,139,139,124,123,179,139,139,139,139,139,139,139,228,227,228,229,289,282,539,526,1167,1166,1166,453,459,454,1166,1110,962,947,859,822,852,808,1142,808,29992,29993,29993,29994,29994,29995,29995,997]} 1. d4 e6 2. c4 Nf6 3. Nc3 Bb4 4. Qc2 b6 5. e4 c5 6. d5 {E32: Nimzo-Indian: Classical (4 Qc2): 4...0-0} Qe7 (6... exd5 7. exd5 Qe7+ 8. Nge2 O-O 9. Bd2 d6 10. O-O-O Ng4 11. Be1 Nd7 12. Ng3 Ndf6 13. h3 Ne5 {1-0 (35) Zhou,J (2597)-Wei,Y (2743) Shenzhen 2017}) 7. Be2 {next e5 is good for White.} d6 8. a3 {The position is equal.} Bxc3+ $1 9. Qxc3 O-O 10. Bg5 Nbd7 11. Qc2 $146 (11. f3 $11 {remains equal.}) ({Predecessor:} 11. f3 exd5 12. cxd5 h6 13. Bh4 Re8 14. Qc2 Ne5 15. Bb5 Rf8 16. Ne2 a6 17. Bd3 Bd7 18. Nc3 {½-½ (18) Popovics,A (2391)-Kozak,A (2365) Hungary 2017}) 11... Re8 (11... exd5 $17 12. exd5 b5 $1 {[%mdl 512]}) 12. Nf3 (12. dxe6 $11 fxe6 13. f3) 12... exd5 $17 13. exd5 {[#]} b5 $1 {[%mdl 512]} 14. cxb5 Bb7 15. Rd1 h6 16. Bh4 g5 17. Bg3 Bxd5 {Strongly threatening ...Bb3!} 18. Rd2 Nb6 {aiming for ...Ne4.} 19. O-O Ne4 20. Bd3 Nxd2 21. Nxd2 Rad8 22. b3 Qb7 ({Better is} 22... Ba8 $17 23. f3 Nd5) 23. f3 $15 Be6 24. Ne4 {And now Nf6+ would win.} Qe7 25. Qb2 $1 Nd5 {Hoping for ...f5.} 26. Bc4 {Bxd5 is the strong threat.} f5 27. Bxd5 $1 fxe4 28. Bxe4 Qg7 (28... d5 $5 {[%cal Rd5e4]} 29. Bb1 d4 $17) 29. Qc2 Re7 (29... d5 $5 {[%cal Rd5e4]} 30. Bd3 Rc8 $11) 30. Rd1 d5 31. Bf2 Rc7 32. Bd3 ({Not} 32. Bxc5 $2 Rdc8 $19) 32... Rdc8 33. Re1 Bf7 (33... Qf6 $11 {keeps the balance.}) 34. Bg3 $1 $16 {[%cal Rg3e5] Black must now prevent Be5.} c4 35. bxc4 dxc4 {[#]} 36. Bf5 $1 ({Much worse is} 36. Bxc7 Qd4+ 37. Qf2 Qxd3 $11) 36... Qd4+ 37. Bf2 Qd5 38. Bxc8 Rxc8 39. Qc3 (39. a4 $16) 39... Qxb5 $14 40. Bxa7 Re8 41. Rxe8+ Qxe8 42. h3 Qa4 43. Bc5 Qd1+ 44. Kh2 Qd5 45. Bd4 Qc6 (45... Be8 $16 46. Bh8 Qf7) 46. Be5 Be8 47. Qe3 Qe6 48. Qc5 Bc6 49. Bc3 Be8 (49... Kf7 $16 {is a better defense.} 50. Qd4 Ke7) 50. Qd4 $18 {[%csl Gc3][%cal Rd4g7]} Qg6 51. Qxc4+ Kh7 52. Qd4 {[%csl Gc3][%cal Rd4h8]} Qf7 $2 (52... Kg8 53. a4 h5) 53. Kh1 Qd7 {Now ...Qxd4 and Black clings on.} 54. Qh8+ Kg6 55. Qg8+ (55. Qf6+ $142 Kh7 {[#]} 56. a4 $1 {[%mdl 512]}) 55... Kf5 56. Qc4 {Played: Qg8-f8} 1-0

[Event "Guimaraes Open 2019"]
[Site "Guimaraes"]
[Date "2019.08.28"]
[Round "1.2"]
[White "Lopez Quevedo, Eduardo"]
[Black "Martinez Duany, Lelys Stanley"]
[Result "0-1"]
[WhiteElo "2188"]
[BlackElo "2526"]
[Annotator "TA"]
[PlyCount "76"]
[EventDate "2019.08.28"]
[EventType "swiss"]
[EventCountry "POR"]
[SourceTitle "playchess.com"]
[Source "ChessBase"]
[SourceQuality "1"]

{[%evp 9,76,0,10,12,18,0,0,0,0,0,0,0,12,6,29,23,25,20,5,-22,-24,-38,-29,-19,48,61,56,-66,-50,-108,-108,-106,-106,-164,-189,-179,-93,-101,-89,-97,-108,-235,-225,-239,-196,-196,-178,-1068,-1065,-29989,-29990,-29990,-668,-29979,-652,-645,-628,-988,-964,-29986,-29987,-29988,-29989,-29989,-29990,-29990,-29991,-29993,-29993]} 1. d4 Nf6 2. Nf3 g6 3. g3 c5 4. d5 b5 (4... Bg7 5. Bg2 d6 6. O-O b5 7. Re1 O-O 8. a4 b4 9. c4 a5 10. e4 e5 11. dxe6 Bxe6 12. Bf4 Ra6 13. Nbd2 Nh5 14. Bg5 Qc7 15. Qc1 {0-1 (67) Meskovs,N (2536)-Kovalenko,I (2642) Batumi 2018}) 5. Bg2 d6 6. O-O {A49: 1 d4 Nf6 2 Nf3 g6 3 g3: Anti-King's Indian systems} Bb7 7. c4 bxc4 8. Nc3 {The position is equal.} Bg7 9. Nd2 O-O 10. Nxc4 Ba6 11. Qa4 Bxc4 $146 ({Predecessor:} 11... Qe8 12. b3 Qxa4 13. Nxa4 {½-½ (30) Vucenovic,D (2186)-Nehmert,U (2220) Dresden 2018}) 12. Qxc4 Nbd7 13. f4 Rb8 14. Bf3 Rb4 15. Qd3 Qb6 16. Kg2 e6 ({Black should try} 16... Rb8 $11) 17. dxe6 $14 fxe6 18. h4 (18. e4 $1 $14) 18... d5 $15 19. h5 ({White should play} 19. Qc2 $15) 19... Nxh5 20. e4 d4 {aiming for ...c4.} 21. e5 (21. Nd1 $17) 21... c4 $19 (21... dxc3 22. bxc3 Rd8 23. Rd1 $17 (23. cxb4 $2 Nxe5 {[%mdl 64] Discovered Attack} 24. bxc5 Qc7 $19)) 22. Qd1 Nxe5 (22... dxc3 $19 23. bxc3 Rd8 24. cxb4 Nxe5 {[%mdl 64] Discovered Attack}) 23. fxe5 $17 {Ne4 is the strong threat.} dxc3 24. bxc3 Rb5 $36 {[%mdl 2048] Keeping White busy.} (24... Bxe5 25. cxb4 Bxa1 26. Bxh5 $11) 25. Ba3 (25. Bxh5 $17 Rxf1 26. Qxf1 gxh5 27. Qxc4) 25... Rd8 $19 (25... Bxe5 26. Bxf8 Rb2+ 27. Kh3 $11) (25... Rxe5 26. Rb1 $18) 26. Qe2 Rxe5 27. Qxc4 Rg5 $1 28. Bxh5 $2 (28. Bg4) 28... Rxh5 29. Rab1 Rd2+ 30. Kf3 Qd8 (30... Rf5+ $142 31. Kg4 h5+ 32. Kh3 {[#]} Rff2 $1 {[%mdl 512]} 33. Qc8+ Kh7 34. Qh8+ Kxh8 35. Rxf2 Qxf2 36. Rb8+ Kh7 $1 {[%mdl 512]} 37. Rh8+ Bxh8 38. Kh4 Qh2+ 39. Kg5 Qxg3#) 31. Qxe6+ Kh8 32. Be7 Qa8+ 33. Kg4 Re5 {[%mdl 64] ( -> ...h5+). Overworked Piece} 34. Qxe5 Qc8+ {[%mdl 64] Double Attack. Black mates.} ({Weaker is} 34... Bxe5 35. Rf8+ Qxf8 36. Bxf8 $17) 35. Kg5 h6+ ({Less strong is} 35... Bxe5 36. Rf8+ Qxf8 37. Bxf8 $17) 36. Kxg6 Qe8+ ({Not} 36... Bxe5 37. Rf8+ Qxf8 38. Bxf8 $14) 37. Rf7 Bxe5 38. Re1 Rf2 {Accuracy: White = 30%, Black = 68%.} 0-1

[Event "Guimaraes Open 2019"]
[Site "Guimaraes"]
[Date "2019.08.28"]
[Round "1.3"]
[White "Galego, Luis"]
[Black "Carbonell Sancho, Marc"]
[Result "1/2-1/2"]
[WhiteElo "2506"]
[BlackElo "2187"]
[Annotator "TA"]
[PlyCount "63"]
[EventDate "2019.08.28"]
[EventType "swiss"]
[EventCountry "POR"]
[SourceTitle "playchess.com"]
[Source "ChessBase"]
[SourceQuality "1"]

{[%evp 9,63,0,20,12,31,0,3,0,5,-9,-9,-25,0,0,0,0,0,0,0,0,0,0,0,0,-4,0,0,0,0,0,0,0,0,0,0,0,13,0,15,15,16,0,0,0,0,-41,-41,-41,-41,-55,-46,-35,0,0,0,0]} 1. e4 e6 2. d4 d5 3. exd5 exd5 4. Nf3 Bd6 5. h3 Bf5 (5... Ne7 6. c4 c6 7. c5 Bc7 8. Bd3 Bf5 9. O-O O-O 10. Re1 Bxd3 11. Qxd3 Nd7 12. Nc3 Ng6 13. Bg5 {½-½ (78) Rapport,R (2721)-Tregubov,P (2582) Caleta 2016}) 6. c4 {C01: French: Exchange Variation} c6 7. Nc3 Nf6 8. cxd5 Nxd5 9. Nxd5 cxd5 10. Bb5+ Nd7 $146 {[#] Threatens to win with ...Qa5+.} ({Predecessor:} 10... Nc6 11. O-O O-O 12. Bd3 Bxd3 13. Qxd3 {½-½ (32) Ehmann,J (1848)-Froehlich,F (1823) Germany 2018}) 11. O-O O-O 12. Qb3 Qb6 13. Re1 ({Don't blunder} 13. Qxd5 $2 Be6 $19) 13... Rfe8 14. Bd2 a6 15. Ba4 {[#] Strongly threatening Rxe8+.} ({Wrong is} 15. Qxd5 $2 Be6 $19) 15... Qxb3 16. Bxb3 Nb6 17. Ne5 Be6 18. Bc3 Nc4 19. a4 b5 20. axb5 axb5 21. Nd3 Rxa1 22. Rxa1 Rb8 23. Ra6 Bc8 24. Ra2 b4 25. Be1 h5 26. Nc5 Bf5 27. Ra4 Nxb2 28. Rxb4 Ra8 $1 {[%cal Ra8a1] aiming for ...Ra1!} 29. g4 hxg4 30. hxg4 Nd3 31. Nxd3 Bxd3 32. Rb6 {Accuracy: White = 72%, Black = 69%.} 1/2-1/2

[Event "Guimaraes Open 2019"]
[Site "Guimaraes"]
[Date "2019.08.28"]
[Round "1.4"]
[White "Costa, Paulo"]
[Black "Tilicheev, Viacheslav"]
[Result "1/2-1/2"]
[WhiteElo "2186"]
[BlackElo "2482"]
[Annotator "TA"]
[PlyCount "63"]
[EventDate "2019.08.28"]
[EventType "swiss"]
[EventCountry "POR"]
[SourceTitle "playchess.com"]
[Source "ChessBase"]
[SourceQuality "1"]

{[%evp 10,63,14,0,14,14,1,0,5,0,0,-3,38,38,38,41,38,37,50,0,0,0,0,0,158,166,150,151,136,69,79,88,189,189,182,174,185,185,191,183,210,212,209,210,216,210,253,241,247,247,333,0,251,0,260,0]} 1. b3 e5 2. Bb2 Nc6 3. Nf3 e4 4. Nd4 Nxd4 5. Bxd4 Nf6 6. e3 b6 {A01: Nimzowitsch-Larsen Opening} (6... Be7 7. c4 O-O 8. Nc3 c6 9. Rc1 d5 10. cxd5 cxd5 11. Be2 Be6 12. O-O a6 13. f4 exf3 14. Bxf3 {1-0 (31) Jobava,B (2690)-Harikrishna,P (2744) Riadh 2017}) 7. Be2 Bb7 8. O-O Bd6 {The position is equal.} 9. f3 O-O $146 ({Predecessor:} 9... Qe7 10. Nc3 Be5 11. Bxe5 Qxe5 12. fxe4 Nxe4 13. Nxe4 Bxe4 14. Bf3 {0-1 (40) Antonano Fedz Quincoces,A (2153)-Garza Marco,S (2378) Zaragoza 2002}) 10. Nc3 c5 11. Bxf6 $1 Qxf6 12. Nxe4 Bxe4 13. fxe4 Qh4 14. g3 Bxg3 $1 15. hxg3 Qxg3+ 16. Kh1 {Threatens to win with Bg4.} Rae8 $2 (16... Qh3+ $11 17. Kg1 Qg3+ 18. Kh1 Qh3+ 19. Kg1 Qg3+) 17. Rf3 $16 Qh4+ 18. Kg2 Re6 {( -> ...Rg6+)} 19. Rf4 (19. Rg3 $16) 19... Rg6+ $14 20. Rg4 Re8 {[#]} (20... h5 $16 21. Rxg6 {[%mdl 64] Discovered Attack} fxg6) 21. Rxg6 $1 $18 Qxe4+ 22. Kf2 Qxg6 23. Bd3 Qf6+ {[#]} 24. Ke2 $1 d5 25. Qh1 g6 26. Rf1 Qe6 27. Qh4 f5 28. Qh6 Rf8 {With the idea ...c4.} 29. Rf4 Re8 30. Rf1 Rf8 $1 {and if ...c4 works, Black does fine.} 31. Rf4 Re8 $1 32. Rf1 $2 {Accuracy: White = 57%, Black = 41%.} ({Better is} 32. c3 $18) 1/2-1/2

[Event "Guimaraes Open 2019"]
[Site "Guimaraes"]
[Date "2019.08.29"]
[Round "1.5"]
[White "Lizak, Peter"]
[Black "Garcia Romero, Benjamin Abel"]
[Result "1-0"]
[WhiteElo "2448"]
[BlackElo "2164"]
[Annotator "TA"]
[PlyCount "135"]
[EventDate "2019.08.28"]
[EventType "swiss"]
[EventCountry "POR"]
[SourceTitle "playchess.com"]
[Source "ChessBase"]
[SourceQuality "1"]

{[%evp 9,135,20,27,31,21,24,30,16,18,27,35,1,135,52,58,-5,0,-15,-9,-16,0,-24,-28,-42,0,0,20,-8,27,31,25,15,115,117,102,88,101,97,87,79,75,0,60,49,51,50,102,73,71,72,157,141,192,176,173,162,167,173,210,213,190,197,197,203,258,278,302,325,315,320,543,460,529,547,551,547,514,514,775,551,1403,1327,1251,1335,1047,860,29968,29969,29967,29964,29968,29971,29968,29969,29963,29967,29973,29976,29973,29976,29981,29982,29982,29982,29984,29985,29985,29985,29986,29987,29987,29988,29988,29989,29989,29990,29990,29991,29992,29993,29993,29993,29993,29992,29994,29994,29994,29994]} 1. d4 d5 2. Nc3 Bf5 3. Bf4 c6 (3... e6 4. e3 Bd6 5. Bg3 Nf6 6. Bd3 Nc6 7. Bxf5 exf5 8. Bh4 Be7 9. Bxf6 Bxf6 10. Qf3 Ne7 11. O-O-O Qd6 {1-0 (56) Nakamura,H (2781)-Xu,X (2545) chess.com INT 2018}) 4. f3 Nf6 5. g4 Bg6 6. h4 {Hoping for h5. D00: 1 d4 d5: Unusual lines} h5 7. g5 Nfd7 $1 8. e3 {White has an edge.} e5 $146 ({Predecessor:} 8... e6 9. Bd3 Bxd3 10. Qxd3 Be7 11. O-O-O Nf8 {1-0 (39) Marek,M (2283)-Kazakovskiy,V (2346) Kirishi 2015}) 9. dxe5 Bc5 10. Bd3 Bxd3 (10... Qe7 $1 $11 {remains equal.}) 11. Qxd3 (11. cxd3 $16 Bb4 12. Nge2) 11... Qe7 $14 12. g6 (12. O-O-O $14) 12... Nxe5 $11 13. gxf7+ Nxf7 14. O-O-O Nd7 15. e4 Nde5 16. Qf1 d4 (16... Nc4 $5 {[%cal Rc5a3]} 17. Qe1 d4 $15) 17. Nce2 {[%cal Bc3e2,Be2c1,Bc1d3,Bd3e5][%mdl 32]} O-O-O 18. Kb1 Bb6 19. Nc1 Kb8 20. Nd3 Ka8 (20... Bc7 $11) 21. Nxe5 $1 $16 Nxe5 22. Bg5 $36 {[%mdl 2048] Black is under strong pressure.} Qb4 {[#] Threatens to win with ...Nc4!} 23. a3 $1 {[%cal Ra3b4]} Qa4 24. Bxd8 Rxd8 25. f4 (25. Nh3 $16) 25... Ng4 (25... d3 $1 $11 26. Ka2 (26. cxd3 Nc4 $15) 26... Qxe4) 26. Rh3 a6 27. Qe2 {aiming for Rb3.} c5 (27... Nf2 $1 $14) 28. Rb3 Ba5 29. Rbd3 Re8 {[#]} (29... Ne3 $142) 30. e5 $1 Bb6 (30... Qb5 $16 31. Rg3 Qc6) 31. Rb3 $18 Ka7 32. Nf3 Qc6 33. Nd2 Ne3 34. Rg1 ({Stronger than} 34. Qxh5 c4 $11) 34... c4 35. Rxe3 {[%mdl 64] Remove Defender} dxe3 36. Nxc4 Bc5 37. Rxg7 Qh1+ 38. Ka2 Qd5 39. b3 {[%cal Bb2b3,Bb3b4][%mdl 32]} Qe4 $2 (39... Rf8) 40. b4 Rd8 {( -> ...Rd2!)} 41. Kb3 ({And not} 41. bxc5 Rd2 $11) 41... Bd4 42. Qg2 Qxg2 43. Rxg2 {[%mdl 4096] Endgame KRB-KRN} Rg8 (43... b5 $142 44. Nd6 Kb8) 44. Re2 (44. Rxg8 e2 $17) 44... Rg4 45. c3 Bb6 46. Nxb6 Kxb6 {KR-KR} 47. e6 Rxf4 48. Rxe3 {White mates.} Rf8 49. Kc4 Kc6 50. e7 Re8 51. Re6+ Kd7 52. Kd5 Rxe7 53. Rxe7+ Kxe7 {KP-KP} 54. Ke5 b5 55. Kf5 Kd6 56. Kg5 Kd5 57. Kxh5 Kc4 58. Kg4 Kxc3 {K3P-KPP} 59. h5 Kb3 60. h6 Kxa3 61. h7 Kxb4 62. h8=Q a5 63. Qb2+ Ka4 64. Kf4 b4 65. Qa2+ Kb5 66. Ke4 a4 67. Qd5+ Kb6 68. Qc4 {Accuracy: White = 71%, Black = 36%.} 1-0

[Event "Guimaraes Open 2019"]
[Site "Guimaraes"]
[Date "2019.08.28"]
[Round "1.6"]
[White "Garcia Gimenez, Santiago"]
[Black "Campora, Daniel H."]
[Result "0-1"]
[WhiteElo "2161"]
[BlackElo "2426"]
[Annotator "TA"]
[PlyCount "86"]
[EventDate "2019.08.28"]
[EventType "swiss"]
[EventCountry "POR"]
[SourceTitle "playchess.com"]
[Source "ChessBase"]
[SourceQuality "1"]

{[%evp 19,86,11,21,19,27,27,33,29,26,28,37,0,18,0,28,0,21,-9,-15,-32,-34,-33,-23,-83,-85,-81,-39,-25,-20,-75,-72,-72,-72,-72,-72,-72,-72,-77,-60,-72,-63,-58,-56,-54,-45,-52,-58,-110,-104,-294,-293,-286,-296,-427,-301,-304,-284,-302,-241,-376,-306,-355,-308,-314,-311,-290,-272,-29996,-29997]} 1. e4 e5 2. Nf3 Nc6 3. Bc4 Be7 4. O-O Nf6 5. d3 O-O 6. c3 d6 7. Bb3 Na5 8. Bc2 c5 9. Nbd2 Nc6 10. Re1 Re8 11. Nf1 {C55: Two Knights: 4 d3, 4 d4 exd4 5 e5 and Max Lange Attack} Bf8 12. Bg5 h6 13. Bh4 {[#] White is slightly better.} Be7 $146 ({Predecessor:} 13... g6 14. Ne3 Bg7 15. a3 Be6 16. b4 a6 17. Bb3 Rb8 18. Bxe6 Rxe6 {1-0 (62) Michiels,B (2429)-Sprenger,J (2511) Belgium 2008}) 14. Bg3 Qb6 15. b3 Be6 16. Ne3 Rad8 17. Qd2 Rc8 18. Rad1 (18. a3 {with more complications.} a5 19. h3 Qd8 20. a4 b6 21. Bh2) 18... Nh5 19. Bb1 Nxg3 20. hxg3 Bf6 21. g4 (21. Nd5 $11 Bxd5 22. exd5) 21... Qd8 $17 22. Nf5 Bg5 23. Nxg5 hxg5 24. g3 (24. f3 $11) 24... g6 25. Ne3 Kg7 26. Kg2 b5 27. Rh1 b4 28. cxb4 Nxb4 29. Rdf1 Qf6 30. f4 exf4 31. gxf4 gxf4 32. Rxf4 Qe5 (32... Qxf4 $2 {loses.} 33. Nf5+ $1 {[%mdl 512]} Bxf5 34. Qxf4 $18) 33. a3 {[#]} ({White should play} 33. Rff1 $15) 33... Nc6 $1 (33... Qxf4 $2 {[#] is the wrong capture.} 34. Nf5+ $1 {[%mdl 512]} Bxf5 35. Qxf4 $18) 34. Qf2 $2 (34. Nf5+ $17 {was necessary.} Kf8 35. Rf2 gxf5 36. gxf5) 34... Rh8 $19 {...Rxh1 is the strong threat.} 35. Rf1 {[%cal Rf4f7]} Rcf8 36. Nc4 (36. Qg3 $142) 36... Bxc4 37. dxc4 {[%cal Rf4f7]} f6 {Hoping for ...g5.} 38. Qg3 g5 39. Rf5 (39. R4f2 {keeps fighting.}) 39... Qxg3+ 40. Kxg3 Ne5 41. Bc2 Rh4 {aiming for ...Rfh8.} 42. Bd1 Rfh8 {( -> ...Rh2)} 43. Rxf6 $2 (43. Bf3 $19) 43... Rh2 0-1

[Event "Guimaraes Open 2019"]
[Site "Guimaraes"]
[Date "2019.08.28"]
[Round "1.8"]
[White "Torrijos Garcia, Borja"]
[Black "Lopez Mulet, Inigo"]
[Result "0-1"]
[WhiteElo "2153"]
[BlackElo "2397"]
[Annotator "TA"]
[PlyCount "66"]
[EventDate "2019.08.28"]
[EventType "swiss"]
[EventCountry "POR"]
[SourceTitle "playchess.com"]
[Source "ChessBase"]
[SourceQuality "1"]

{[%evp 9,66,-15,-3,-13,-1,-12,0,-49,-25,-43,-13,-8,0,11,35,43,28,33,36,27,30,0,4,10,30,-17,-31,-29,-21,-27,-24,-45,-45,-55,-56,-56,-47,-45,-45,-51,-43,-45,-44,-56,-22,-25,-22,-39,-29,-67,-15,-88,-52,-120,-118,-116,-116,-808,-800]} 1. c4 e5 2. Nc3 Bb4 3. g3 Bxc3 4. dxc3 d6 5. Bg2 Ne7 6. e4 {A21: English Opening: 1...e5 2 Nc3} Be6 (6... O-O 7. Nf3 Nd7 8. Nd2 Nc5 9. Nb3 Ne6 10. Be3 f5 11. Qe2 {0-1 (41) Zhao,X (2485)-Ju,W (2575) St Petersburg 2018}) 7. Qd3 O-O 8. Ne2 {The position is equal.} Qd7 $146 ({Predecessor:} 8... a5 9. O-O Na6 10. b3 Nc5 11. Qd1 b6 12. Be3 {0-1 (51) Czikuss,H (1972)-Henzelmann,K (2081) Bad Homburg 2009}) 9. f4 {next f5 is good for White.} exf4 10. gxf4 {Hoping for f5.} f5 11. Nd4 {Threatening exf5.} Nbc6 12. Nxe6 Qxe6 13. Bd2 Qg6 14. Bf3 fxe4 15. Qxe4 Qxe4+ 16. Bxe4 Ng6 (16... g6 {is interesting.} 17. O-O-O Nf5 18. Rdg1 Rae8 19. Bd3 Nh4) 17. Bxg6 (17. O-O {feels hotter.} Rae8 18. Rae1 Nce7 19. b4 b6 20. Bc2) 17... hxg6 18. Ke2 Kf7 19. Rae1 Ne7 20. Kd3 Rh8 21. h3 Nf5 22. Rh2 Rh4 23. Rf1 Re8 24. Rf3 a5 25. a4 Nh6 26. b4 Rh8 27. c5 dxc5 28. bxc5 Rd8+ 29. Kc2 $1 Rh5 (29... Rd5 $15) 30. c6 (30. Be3 $11 {keeps the balance.}) 30... b6 31. Re2 (31. f5 $15) 31... Rc5 $17 32. Be3 Rxc6 33. Kb3 $2 {[%mdl 8192] [#]} (33. Bf2 $17) 33... Rd3 {Accuracy: White = 49%, Black = 47%.} 0-1

[Event "Guimaraes Open 2019"]
[Site "Guimaraes"]
[Date "2019.08.28"]
[Round "1.9"]
[White "Schou, Bjorn A"]
[Black "Prado Acebo, Ines"]
[Result "1-0"]
[WhiteElo "1257"]
[BlackElo "2142"]
[Annotator "ChessBase"]
[PlyCount "67"]
[EventDate "2019.08.28"]
[EventType "swiss"]
[EventCountry "POR"]
[SourceTitle "playchess.com"]
[Source "ChessBase"]
[SourceQuality "1"]
[TimeControl "5400+30"]

1. d4 {[%emt 0:00:00]} Nf6 {[%emt 0:00:00]} 2. c4 {[%emt 0:00:00]} e6 {[%emt 0:00:00]} 3. Nf3 {[%emt 0:00:00]} d5 {[%emt 0:00:00]} 4. g3 {[%emt 0:00:16]} Be7 {[%emt 0:00:02]} 5. Bg2 {[%emt 0:00:07]} O-O {[%emt 0:00:07]} 6. O-O {[%emt 0:01:33]} dxc4 {[%emt 0:00:20]} 7. Qc2 {[%emt 0:00:20]} a6 {[%emt 0:01:16]} 8. a4 {[%emt 0:00:08]} Bd7 {[%emt 0:01:17]} 9. Rd1 {[%emt 0:00:10]} Bc6 {[%emt 0:02:17]} 10. Nc3 {[%emt 0:00:07]} Nd5 {[%emt 0:05:19]} 11. e4 {[%emt 0:02:03]} Nxc3 {[%emt 0:06:01]} 12. bxc3 {[%emt 0:00:03]} b5 {[%emt 0:00:16]} 13. d5 {[%emt 0:02:58]} Bb7 {[%emt 0:04:17]} 14. Nd4 {[%emt 0:08:08]} Qe8 {[%emt 0:08:18]} 15. dxe6 {[%emt 0:03:22]} Nc6 {[%emt 0:05:38]} 16. exf7+ {[%emt 0:01:03]} Qxf7 {[%emt 0:00:44]} 17. Nf5 {[%emt 0:07:03]} Bc5 {[%emt 0:02:10]} 18. Bh6 {[%emt 0:01:19]} Qg6 {[%emt 0:01:31]} 19. axb5 {[%emt 0:12:09]} axb5 {[%emt 0:03:00]} 20. Rxa8 {[%emt 0:00:08]} Bxa8 {[%emt 0:01:00]} 21. Bxg7 {[%emt 0:01:07]} Rxf5 {[%emt 0:10:13]} 22. exf5 {[%emt 0:00:03]} Qxg7 {[%emt 0:00:06]} 23. Bd5+ {[%emt 0:00:27]} Kf8 {[%emt 0:03:55]} 24. Qe4 {[%emt 0:02:38]} Qe7 {[%emt 0:02:17]} 25. Qg4 {[%emt 0:01:42]} Qg7 {[%emt 0:00:05]} 26. Qh5 {[%emt 0:02:06]} Be7 {[%emt 0:06:01]} 27. Re1 {[%emt 0:01:24]} Bb7 {[%emt 0:05:15]} 28. f6 {[%emt 0:01:07]} Qxf6 {[%emt 0:00:55]} 29. Qxh7 {[%emt 0:02:06]} Ke8 {[%emt 0:03:42]} 30. Re6 {[%emt 0:02:11]} Qf8 {[%emt 0:00:16]} 31. Rxc6 {[%emt 0:04:04]} Kd8 {[%emt 0:04:29]} 32. Qh3 {[%emt 0:02:38]} b4 {[%emt 0:03:36]} 33. cxb4 {[%emt 0:02:24]} Bxb4 {[%emt 0:00:43]} 34. Rh6 {[%emt 0:09:46]} 1-0

[Event "Guimaraes Open 2019"]
[Site "Guimaraes"]
[Date "2019.08.28"]
[Round "1.10"]
[White "Patino Romaris, Juan Roberto"]
[Black "Portela Peleteiro, Alberto"]
[Result "0-1"]
[WhiteElo "2141"]
[BlackElo "2375"]
[Annotator "TA"]
[PlyCount "80"]
[EventDate "2019.08.28"]
[EventType "swiss"]
[EventCountry "POR"]
[SourceTitle "playchess.com"]
[Source "ChessBase"]
[SourceQuality "1"]

{[%evp 14,80,8,1,0,-20,-26,-39,-1,-28,0,-24,29,29,30,15,52,31,58,35,68,66,61,-52,-44,-41,-35,-42,-39,-41,-41,-55,-34,-41,-38,-41,-50,-66,-37,-63,-69,-77,-67,-67,0,0,0,0,0,0,0,-1106,-910,-854,-1262,-29984,-1077,-1264,-1254,-29979,-29971,-29979,-29979,-29976,-29978,-29981,-29978,-29980,-29980]} 1. d4 d6 2. c4 e5 3. Nf3 e4 4. Nfd2 f5 5. e3 Nf6 6. Nc3 g6 7. Be2 Bg7 8. O-O O-O {A21: English Opening: 1...e5 2 Nc3} 9. f3 (9. b4 c6 10. a4 a5 11. bxa5 Qxa5 12. Qc2 Be6 13. Ba3 Qc7 14. Nb3 Nbd7 15. Rfd1 Bf7 16. Rab1 {0-1 (45) Mirzoev,E (2424)-Onischuk,V (2614) Lutsk 2016}) 9... exf3 10. Bxf3 Re8 {Black is slightly better.} 11. Re1 $146 ({Predecessor:} 11. e4 Nc6 12. exf5 Bxf5 13. Nb3 a5 14. Bg5 Qd7 15. Bxf6 Bxf6 16. g4 {0-1 (47) Pielnik,R (2081)-Boehm,J (2168) Ruhrgebiet 2004}) 11... Nc6 12. Nf1 Ne4 (12... Nb4 $142) 13. Bxe4 $11 fxe4 14. Ng3 Bf5 15. Rf1 Qd7 16. a3 Na5 17. Nxf5 gxf5 18. Qh5 (18. b3 $14) 18... Rf8 $1 $15 19. Rb1 Nxc4 20. Nxe4 fxe4 21. Qd5+ Kh8 {[#] White must now prevent ...Rxf1+.} 22. Qxc4 Rxf1+ 23. Qxf1 c5 24. dxc5 dxc5 {Strongly threatening ...c4!} 25. b3 $1 Qd3 $1 {[%cal Rd3b1]} 26. Bb2 Qxe3+ 27. Kh1 $1 Bxb2 28. Rxb2 $17 {[%mdl 4096] Endgame KQR-KQR} Qd4 (28... Qh6 $15) 29. Rf2 $1 $11 {[%cal Rf2f8] [#] Hoping for Rf8+.} Rg8 30. Rf4 Qe5 31. Rf5 Qb2 {aiming for ...e3.} 32. Rf8 $2 {[%mdl 8192]} (32. Rf7 $11) 32... e3 $19 33. h3 e2 34. Rxg8+ Kxg8 {KQ-KQ} 35. Qe1 Qe5 36. g3 Qe4+ {Black mates.} 37. Kg1 Qe3+ 38. Kg2 b5 {[%cal Bb7b5,Bb5c4][%mdl 32]} 39. a4 c4 40. bxc4 bxc4 {Accuracy: White = 51%, Black = 61%.} 0-1